| 000 | 00946nas a2200301Ia 4500 | ||
|---|---|---|---|
| 001 | 99 | ||
| 003 | CO-MdFUSB | ||
| 005 | 20170329161615.0 | ||
| 008 | 151030s9999 xxu 000 0 s d | ||
| 022 | _a0034-4087 | ||
| 037 | _bThe Journal of the Religious Education Association | ||
| 040 |
_aCO-MdFUSB _bspa _cCO-MdFUSB _dCO-MdFUSB _erda |
||
| 041 | 0 |
_aeng _heng |
|
| 245 | 1 | 0 |
_aReligious Education _cThe Journal of the Religious Education Association |
| 260 | _aConnecticut | ||
| 264 |
_aEstados Unidos : _bThe Journal of the Religious Education Association |
||
| 300 |
_aVolumen 77 - 89 _c23 cm. |
||
| 310 |
_aNo aplica _b1982 |
||
| 336 |
_2rdacontent _a1 _ba1 |
||
| 337 |
_2rdamedia _a2 _b5 |
||
| 338 | _a2 | ||
| 362 | _a1982 - 1986 | ||
| 546 | _aTexto en inglés | ||
| 650 | _vPublicaciones seriadas | ||
| 773 | _dEstados Unidos : The Journal of the Religious Education Association 1982 | ||
| 810 | _hRevista | ||
| 942 |
_cCR _2ddc _a3 |
||
| 999 |
_c49469 _d49469 |
||